| 000 | 00730nam a2200253Ia 4500 | ||
|---|---|---|---|
| 003 | OSt | ||
| 005 | 20221005045119.0 | ||
| 006 | a|||||r|||| 00| 0 | ||
| 007 | ta | ||
| 008 | 221004b |||||||| |||| 00| 0 eng d | ||
| 020 |
_a9789388573299 (hbk) _cINR 995.00 |
||
| 024 | _a41372 | ||
| 037 |
_b40, 21/01/2019, Mallika Books _cTextual |
||
| 040 |
_aCRL _cCRL _beng |
||
| 041 |
_2eng _aeng |
||
| 082 | _aQ4, Q8 | ||
| 100 |
_aWagh B. G. Au. _9593142 |
||
| 245 | 0 |
_aBuddhism is true _b undivided path |
|
| 260 |
_aKanpur _bChandralok Prakashan India _c2018 |
||
| 300 |
_a240p. _ccm. |
||
| 650 | _aBUDDHISM | ||
| 942 |
_hQ4, Q8 _cTEXL _2cc |
||
| 999 |
_c954410 _d954410 |
||